000 00411nam a22001217a 4500
003 SGT
082 _a891.4309
_bB95S
100 _aशर्मा, देवेंद्र
245 _aभूख का असली चेहरा
260 _bसाउथ एशियन डॉयलॉग्स ऑन इकोलॉजिकल डेमोक्रेसी
_c1995
300 _a230
942 _2ddc
_cBK
999 _c31434
_d31434